[Event "HUN-chT2 Erkel 1718"]
[Site "Hungary"]
[Date "2018.05.06"]
[Round "11.8"]
[White "Szabo, Ervin"]
[Black "Rozsnyai, Tibor"]
[Result "0-1"]
[WhiteElo "1883"]
[BlackElo "2036"]
[PlyCount "86"]
[EventDate "2017.09.24"]
[EventType "team-tourn"]
[EventRounds "11"]
[EventCountry "HUN"]
[SourceTitle "EXT 2021"]
[Source "ChessBase"]
[SourceDate "2020.10.23"]
[SourceVersion "1"]
[SourceVersionDate "2020.10.23"]
[SourceQuality "1"]
[WhiteTeam "Salgotarjan"]
[BlackTeam "Budapest MAFC"]
[WhiteTeamCountry "HUN"]
[BlackTeamCountry "HUN"]

1. d4 Nf6 2. c4 e6 3. Nc3 Bb4 4. Qb3 c5 5. e3 Nc6 6. Nf3 0-0 7. Bd2 cxd4 8. exd4 d5 9. a3 Ba5 10. c5 Ne4 11. Qc2 Nxd2 12. Qxd2 e5 13. b4 exd4 14. Nxd4 Re8+ 15. Be2 Bc7 16. Nxc6 bxc6 17. 0-0 d4 18. Na2 Qf6 19. Bf3 Ba6 20. Rfd1 Rad8 21. Nc1 Bf4 22. Qb2 Qe5 23. Nb3 Bxh2+ 24. Kh1 d3 25. Qxe5 Bxe5 26. Rab1 Re6 27. g3 Bb5 28. Nc1 f5 29. a4 Bc4 30. b5 d2 31. Nb3 cxb5 32. Nxd2 Bd3 33. Nf1 bxa4 34. Ne3 g6 35. Rb7 Rd4 36. c6 f4 37. Nd5 fxg3 38. fxg3 Be4 39. Rxd4 Bxf3+ 40. Kh2 Bxd4 41. c7 Re2+ 42. Kh3 Rc2 43. Ne7+ Kf8 0-1

[Event "HUN-chT2 Erkel 1213"]
[Site "Hungary"]
[Date "2012.11.18"]
[Round "4.7"]
[White "Rozsnyai, Tibor"]
[Black "Hevesi, Zoltan"]
[Result "1/2-1/2"]
[WhiteElo "2061"]
[BlackElo "2055"]
[PlyCount "54"]
[EventDate "2012.09.16"]
[EventType "team-tourn"]
[EventRounds "11"]
[EventCountry "HUN"]
[SourceTitle "EXT 2014"]
[Source "ChessBase"]
[SourceDate "2013.11.20"]
[SourceVersion "1"]
[SourceVersionDate "2013.11.20"]
[SourceQuality "1"]
[WhiteTeam "Barcza"]
[BlackTeam "Mezokovesd"]
[WhiteTeamCountry "HUN"]
[BlackTeamCountry "HUN"]

1. e4 c6 2. d4 d5 3. Nc3 dxe4 4. Nxe4 Bf5 5. Ng3 Bg6 6. Nh3 Nd7 7. Nf4 e5 8. Nxg6 hxg6 9. dxe5 Qa5+ 10. c3 Qxe5+ 11. Qe2 Ngf6 12. Bf4 Qxe2+ 13. Bxe2 Be7 14. Bf3 Nc5 15. Rd1 0-0 16. 0-0 Rfd8 17. Bc7 Rd7 18. Rxd7 Nfxd7 19. Ne4 Rc8 20. Bg3 Nxe4 21. Bxe4 Nc5 22. Bc2 Rd8 23. Rd1 Rxd1+ 24. Bxd1 Ne4 25. Bf4 Bc5 26. Be3 Bxe3 27. fxe3 c5 1/2-1/2

[Event "HUN-chT2 Erkel 1213"]
[Site "Hungary"]
[Date "2012.10.07"]
[Round "2.5"]
[White "Stern, Tibor"]
[Black "Rozsnyai, Tibor"]
[Result "0-1"]
[WhiteElo "1943"]
[BlackElo "2061"]
[PlyCount "118"]
[EventDate "2012.09.16"]
[EventType "team-tourn"]
[EventRounds "11"]
[EventCountry "HUN"]
[SourceTitle "EXT 2014"]
[Source "ChessBase"]
[SourceDate "2013.11.20"]
[SourceVersion "1"]
[SourceVersionDate "2013.11.20"]
[SourceQuality "1"]
[WhiteTeam "Nagykata"]
[BlackTeam "Barcza"]
[WhiteTeamCountry "HUN"]
[BlackTeamCountry "HUN"]

1. Nf3 c5 2. g3 Nc6 3. Bg2 g6 4. d4 cxd4 5. Nxd4 Bg7 6. Nb3 Nf6 7. c4 d6 8. Nc3 0-0 9. 0-0 Be6 10. Nd5 Rc8 11. Bd2 Nd7 12. Rb1 Nde5 13. Rc1 a5 14. a4 b6 15. Be3 Nd7 16. Nf4 Bf5 17. Bd2 Nc5 18. Nxc5 dxc5 19. e4 Bd7 20. Bc3 Nd4 21. Re1 Bc6 22. b3 e6 23. Nd3 Qc7 24. f4 Rcd8 25. Kh1 Rfe8 26. h3 h5 27. h4 f5 28. exf5 Bxg2+ 29. Kxg2 Qc6+ 30. Kh3 exf5 31. Bxd4 Rxd4 32. Rxe8+ Qxe8 33. Qf3 Qe4 34. Qxe4 fxe4 35. Ne5 Bxe5 36. fxe5 Kf7 37. Rf1+ Ke6 38. Rf6+ Kxe5 39. Rxb6 Rd2 40. g4 Rd3+ 41. Kg2 hxg4 42. Rxg6 Kf5 43. Rg8 Rxb3 44. h5 Rh3 45. Rc8 Kf4 46. Rxc5 Rg3+ 47. Kh2 e3 48. Rf5+ Kxf5 49. Kxg3 Ke4 50. h6 e2 51. Kf2 Kd3 52. h7 g3+ 53. Kf3 e1Q 54. h8Q Qf2+ 55. Kg4 g2 56. Qh7+ Kd2 57. Qh6+ Kd1 58. Qd6+ Ke1 59. Qe5+ Qe2+ 0-1

[Event "Budapest Spring op 24th"]
[Site "Budapest"]
[Date "2008.03.27"]
[Round "7"]
[White "Lantos, Attila"]
[Black "Rozsnyai, Tibor"]
[Result "0-1"]
[WhiteElo "1978"]
[BlackElo "2164"]
[PlyCount "80"]
[EventDate "2008.03.21"]
[EventType "swiss"]
[EventRounds "9"]
[EventCountry "HUN"]
[SourceTitle "CBM 123 Extra"]
[Source "ChessBase"]
[SourceDate "2008.05.06"]
[SourceVersion "1"]
[SourceVersionDate "2008.05.06"]
[SourceQuality "1"]

1. f4 c5 2. e3 Nc6 3. Nf3 g6 4. Be2 Bg7 5. 0-0 Nf6 6. a3 0-0 7. Qe1 d5 8. d3 Bg4 9. Nbd2 e6 10. h3 Bxf3 11. Nxf3 b5 12. Rb1 a5 13. g4 b4 14. g5 Nd7 15. a4 Ne7 16. e4 Qb6 17. Be3 Qc6 18. Nh4 Rac8 19. f5 exf5 20. exf5 gxf5 21. Qf2 Ne5 22. Rbe1 N5g6 23. Bh5 Nxh4 24. Qxh4 Ng6 25. Qf2 Bxb2 26. Qxf5 Rce8 27. Bf3 Re5 28. Qf6 Qxf6 29. gxf6 Rfe8 30. Bd2 c4 31. dxc4 dxc4 32. Bc6 Bd4+ 33. Kh1 Rxe1 34. Bxe1 Re2 35. c3 bxc3 36. Bb5 Ne5 37. Bg3 c2 38. Bf4 Nd3 39. Bc1 Nxc1 40. Rxc1 Rd2 0-1

[Event "Budapest Spring op 24th"]
[Site "Budapest"]
[Date "2008.03.23"]
[Round "3"]
[White "Surinya, Tibor"]
[Black "Rozsnyai, Tibor"]
[Result "1/2-1/2"]
[WhiteElo "1972"]
[BlackElo "2164"]
[PlyCount "120"]
[EventDate "2008.03.21"]
[EventType "swiss"]
[EventRounds "9"]
[EventCountry "HUN"]
[SourceTitle "CBM 123 Extra"]
[Source "ChessBase"]
[SourceDate "2008.05.06"]
[SourceVersion "1"]
[SourceVersionDate "2008.05.06"]
[SourceQuality "1"]

1. d4 d5 2. Nf3 Nf6 3. c4 e6 4. Nc3 c6 5. cxd5 exd5 6. Bg5 Be7 7. Qc2 0-0 8. e3 Nbd7 9. Bd3 Re8 10. 0-0 Ne4 11. Bxe7 Qxe7 12. Bxe4 dxe4 13. Nd2 Nf6 14. Rab1 Bf5 15. Rfc1 Rad8 16. b4 a6 17. Ne2 h5 18. Qc5 Bg4 19. Qxe7 Rxe7 20. Nc3 h4 21. h3 Bd7 22. Na4 g5 23. Nc5 Bc8 24. Nc4 g4 25. hxg4 Nxg4 26. Kf1 Kg7 27. Ke2 Be6 28. a4 Bxc4+ 29. Rxc4 Rd5 30. Rc3 Rg5 31. Rh1 Nf6 32. Rxh4 Rxg2 33. Kf1 Rg5 34. Ke2 Rg1 35. Rh3 Rb1 36. Rg3+ Kf8 37. Rb3 Rxb3 38. Nxb3 Nd5 39. b5 axb5 40. axb5 Nc3+ 41. Kd2 Nxb5 42. Rg1 Nd6 43. Ra1 f5 44. Nc5 Kf7 45. Rh1 Kg8 46. Rh6 Ne8 47. Rg6+ Rg7 48. Rh6 Re7 49. Rg6+ Kf7 50. Rh6 Ng7 51. Rh8 b6 52. Nb3 Ra7 53. Nc1 Ne8 54. Rh7+ Ng7 55. Rh6 Rc7 56. Rh8 Ne8 57. Rh7+ Ke6 58. Rh8 Kd7 59. Rh7+ Kd6 60. Rh8 Re7 1/2-1/2

[Event "Budapest Spring op 22nd"]
[Site "Budapest"]
[Date "2006.03.26"]
[Round "4"]
[White "Izso, Istvan"]
[Black "Rozsnyai, Tibor"]
[Result "1-0"]
[WhiteElo "1900"]
[BlackElo "2129"]
[PlyCount "181"]
[EventDate "2006.03.23"]
[EventType "swiss"]
[EventRounds "9"]
[EventCountry "HUN"]
[SourceTitle "CBM 111 Extra"]
[Source "ChessBase"]
[SourceDate "2006.05.09"]
[SourceVersion "1"]
[SourceVersionDate "2006.05.09"]
[SourceQuality "1"]

1. Nf3 Nf6 2. g3 d5 3. d4 Bf5 4. Nh4 Bg4 5. f3 Bh5 6. c4 e6 7. Nc3 dxc4 8. Qa4+ Nc6 9. Be3 Bb4 10. a3 Bxc3+ 11. bxc3 Nd5 12. Bd2 Nb6 13. Qb5 Qd5 14. a4 0-0-0 15. e4 Qxb5 16. axb5 Nb8 17. Rxa7 N8d7 18. Be2 Kb8 19. Ra5 f6 20. g4 Bf7 21. Ng2 e5 22. Be3 c6 23. bxc6 bxc6 24. Kf2 Kb7 25. Ra2 Ra8 26. Rb2 Kc7 27. Rhb1 Rhb8 28. Bd1 Ra3 29. Rc1 g5 30. Kg3 Na4 31. Rxb8 Kxb8 32. Bxa4 Rxa4 33. Bf2 Kc7 34. Ne3 Ra2 35. Nd1 Nf8 36. dxe5 fxe5 37. Bc5 Ra8 38. Bxf8 Rxf8 39. Ne3 Rd8 40. Nf5 Rd3 41. h4 gxh4+ 42. Nxh4 Kb6 43. Ng2 Kb5 44. Ne1 Ka4 45. Kf2 Rd2+ 46. Ke3 Rd7 47. Rb1 h5 48. gxh5 Ka3 49. h6 Bg8 50. Rb8 Bh7 51. Rb6 Rd6 52. Nc2+ Ka2 53. Nb4+ Kb3 54. Rxc6 Rd7 55. Nd5 Bg8 56. Rb6+ Kc2 57. Nf6 Rd3+ 58. Kf2 Rd2+ 59. Kg3 Rd8 60. h7 Bxh7 61. Nxh7 Kxc3 62. Nf6 Kd2 63. Nd5 c3 64. Nxc3 Kxc3 65. Re6 Kd4 66. Kf2 Rd7 67. Ra6 Kc5 68. Ra5+ Kd4 69. Ra1 Kc5 70. Rc1+ Kb6 71. Ke3 Rf7 72. Rc8 Rc7 73. Rd8 Kc6 74. Rd5 Re7 75. Rd2 Rd7 76. Rc2+ Kd6 77. Rc3 Ke6 78. Rc6+ Rd6 79. Rc8 Ra6 80. Kf2 Kf6 81. Kg3 Kg5 82. Rg8+ Rg6 83. Rf8 Kh5+ 84. Kh3 Rg7 85. Re8 Rg5 86. Rh8+ Kg6 87. Kh4 Kf6 88. Rh6+ Rg6 89. Kh5 Rxh6+ 90. Kxh6 Ke6 91. Kg6 1-0

[Event "Budapest Spring op 22nd"]
[Site "Budapest"]
[Date "2006.03.24"]
[Round "2"]
[White "Nguyen, Huynh Minh Huy"]
[Black "Rozsnyai, Tibor"]
[Result "1-0"]
[WhiteElo "2217"]
[BlackElo "2129"]
[PlyCount "65"]
[EventDate "2006.03.23"]
[EventType "swiss"]
[EventRounds "9"]
[EventCountry "HUN"]
[SourceTitle "CBM 111 Extra"]
[Source "ChessBase"]
[SourceDate "2006.05.09"]
[SourceVersion "1"]
[SourceVersionDate "2006.05.09"]
[SourceQuality "1"]

1. d4 Nf6 2. c4 e6 3. Nc3 Bb4 4. Qc2 0-0 5. a3 Bxc3+ 6. Qxc3 b5 7. e3 Bb7 8. f3 Nh5 9. Nh3 f5 10. Bd2 a5 11. cxb5 c6 12. Bd3 Qh4+ 13. Nf2 cxb5 14. 0-0 Nc6 15. b4 Rac8 16. Qb2 f4 17. e4 axb4 18. axb4 d5 19. e5 Ng3 20. hxg3 fxg3 21. Nh3 h6 22. Be3 Ne7 23. Bxb5 Nf5 24. Qd2 Bc6 25. Bd3 Rb8 26. Rfc1 Be8 27. Ra7 Nxe3 28. Qxe3 Rxb4 29. f4 Rb2 30. Bc2 Bh5 31. Qd3 Rf5 32. Qc3 Bg4 33. Qc7 1-0

[Event "HUN-chT2 Maroczy 0506"]
[Site "Hungary"]
[Date "2005.12.04"]
[Round "5"]
[White "Medvegyne Balogh, Emese"]
[Black "Rozsnyai, Tibor"]
[Result "1/2-1/2"]
[WhiteElo "2165"]
[BlackElo "2129"]
[PlyCount "135"]
[EventDate "2005.10.16"]
[EventType "team"]
[EventRounds "11"]
[EventCountry "HUN"]
[SourceTitle "EXT 2009"]
[Source "ChessBase"]
[SourceDate "2008.11.26"]
[SourceVersion "1"]
[SourceVersionDate "2008.11.26"]
[SourceQuality "1"]
[WhiteTeam "Dunaharaszti"]
[BlackTeam "Penzugyor"]
[WhiteTeamCountry "HUN"]
[BlackTeamCountry "HUN"]

1. e4 c5 2. Nc3 Nc6 3. d3 g6 4. Be3 d6 5. d4 cxd4 6. Bxd4 Nxd4 7. Qxd4 Nf6 8. e5 dxe5 9. Bb5+ Bd7 10. Qxe5 a6 11. Bxd7+ Qxd7 12. Rd1 Qg4 13. Nd5 Nxd5 14. Qxd5 Bg7 15. Nf3 0-0 16. 0-0 b5 17. c3 Bf6 18. Nd2 Rfd8 19. Qc6 Qc8 20. Qf3 Kg7 21. Ne4 Qc6 22. Rd3 Rac8 23. Rfd1 Rxd3 24. Rxd3 Qe6 25. a3 Rc7 26. g3 h6 27. Kg2 Be5 28. Qe3 f5 29. Nd2 Qc6+ 30. Kg1 Bf6 31. Nf3 Qc5 32. Qd2 g5 33. Rd5 Qc6 34. Qd3 g4 35. Nd4 Bxd4 36. Qxd4+ Qf6 37. Qf4 Rc4 38. Qxf5 Qxf5 39. Rxf5 e6 40. Rf4 Rxf4 41. gxf4 Kf6 42. Kg2 Kf5 43. Kg3 h5 44. f3 h4+ 45. Kg2 Kxf4 46. fxg4 Kxg4 47. b3 Kf4 48. c4 bxc4 49. bxc4 Ke4 50. c5 Kd5 51. c6 Kxc6 52. Kh3 Kd5 53. Kxh4 Ke4 54. Kg4 e5 55. h4 Kd3 56. h5 e4 57. h6 e3 58. h7 e2 59. h8Q e1Q 60. Qd8+ Kc4 61. Qc8+ Kb5 62. Qb7+ Ka5 63. Qb3 Qe2+ 64. Kf4 Qb5 65. Qc3+ Ka4 66. Ke3 a5 67. Kd2 Qd5+ 68. Kc1 1/2-1/2